Wszystkie modele Koenigsegga - Statystyki

Ogólne statystyki
  • Ten quiz został rozwiązany 42 razy
  • Średni wynik to 6 z 9
Statystyki odpowiedzi
Czas produkcji Odpowiedź % Poprawnych
2011-2018 Agera
91%
2021-? Jesko
91%
1998-2009 CC
83%
2016-2022 Regera
83%
2024-? Gemera
65%
2014-2015 One:1
61%
2024 CC850
43%
2009 Trevita
26%
2024 Chimera
22%
Nie znaleziono quizów pasujących do podanych kryteriów
Rozkład punktacji
Procent ludzi z każdym wynikiem
Percentyl według liczby udzielonych odpowiedzi
Twoja historia wyników
Nie rozwiązałeś tego quizu